000 00805nam a22002537a 4500
005 20170123162341.0
010 _aA-279739
020 _c35.00
035 _aA-279739
037 _bCen Lib/Ret
040 _aDPL
_bUR
082 _a841
_bا ن ی
245 _aرباعیات انیس /
_cمرتب الی جواد زیدی
246 _aRabayat anees /
_bedited by Ali Jovadari Zedi
260 _aنیی دہلی
_bترقی اردو بیورو
_c1985
270 _bنیی دہلی
300 _a386p.
_c21cm(Hb)
650 _aادب -- اردو
_9127601
650 _aاردو سوانے عمری
_9127602
650 _aUrdu literature
_9127603
650 _aUrdu -- biography
_9511
700 _aالی جواد زیدی
_9127604
942 _2ddc
_cUR
_h841
_mا ن ی
999 _c108561
_d108561